| 000 | 00605nam a2200193 i 4500 | ||
|---|---|---|---|
| 001 | 94979 | ||
| 003 | ES-MaACL | ||
| 005 | 20250811145016.0 | ||
| 007 | t| | ||
| 008 | 050519s1973 sp ||||1| spa d | ||
| 020 | _a84-300-5853-2 | ||
| 245 | 0 | 0 |
_aSan Luis Bertrán : _bReforma y contrarreforma española. |
| 260 |
_aValencia : _bCaja de Ahorros y Monte de Piedad, _c1973. |
||
| 300 |
_a415 p. : _bil. ; _c24 cm. |
||
| 600 | 1 | 7 |
_aLuis Bertrán, _cSanto, _d1526-1581 _2 _9153300 |
| 710 | 2 |
_aCaja de Ahorros y Monte de Piedad de Valencia. _92325 |
|
| 852 |
_aES-MaACL _jC-54303 |
||
| 999 |
_c94979 _d94979 |
||